| 000 | 00596nam a22002057a 4500 | ||
|---|---|---|---|
| 003 | OSt | ||
| 005 | 20150927163012.0 | ||
| 008 | 150927b xxu||||| |||| 00| 0 eng d | ||
| 020 | _a9789400755505 | ||
| 040 | _cDDC | ||
| 082 | _a540 COM 2008 | ||
| 100 |
_aeditted by Craig, Hill ; Djamaladin, G. Musaev _95795 |
||
| 245 |
_aComplexity in chemistry and beyond: _binterplay theory and experiment |
||
| 260 |
_aNATO; _bSpringer, _c2008 |
||
| 300 |
_ax,242p; _bill: _c24cm |
||
| 504 | _aReferences included | ||
| 650 |
_aChemistry _9797 |
||
| 650 |
_aTheory & experiments _95796 |
||
| 942 |
_2z _cO_SHELF |
||
| 999 |
_c2292 _d2292 |
||